Statistics for Cooper Yeshiva H.S. Invitational Tournament Champions

Click here to take the quiz!

General Stats

  • This quiz has been taken 2 times
  • The average score is 3 of 12

Answer Stats

YearSchool% Correct
2013YULA PANTHERS
100%
2011YULA PANTHERS
100%
2007TABC STORM
50%
2012Chicago TIGERS
0%
2008Cooper MACS
0%
2015DRS WILDCATS
0%
2014HAFTR HAWKS
0%
2009Heschel HEAT
0%
2016HESCHEL HEAT
0%
2018MDY WARRIORS
0%
2017Valley Torah High School WOLFPACK
0%
2010YULA PANTHERS
0%

Score Distribution

Percentile by Number Answered

Percent of People with Each Score

Your Score History

You have not taken this quiz